<?xml version="1.0" encoding="UTF-8"?><?xml-stylesheet type="text/xsl" href="static/style.xsl"?><OAI-PMH xmlns="http://www.openarchives.org/OAI/2.0/" xmlns:xsi="http://www.w3.org/2001/XMLSchema-instance" xsi:schemaLocation="http://www.openarchives.org/OAI/2.0/ http://www.openarchives.org/OAI/2.0/OAI-PMH.xsd"><responseDate>2026-06-02T16:10:29Z</responseDate><request verb="GetRecord" identifier="oai:riuma.uma.es:10630/40460" metadataPrefix="marc">https://riuma.uma.es/rest/oai/request</request><GetRecord><record><header><identifier>oai:riuma.uma.es:10630/40460</identifier><datestamp>2026-02-03T11:25:39Z</datestamp><setSpec>com_10630_2254</setSpec><setSpec>col_10630_37953</setSpec></header><metadata><record xmlns="http://www.loc.gov/MARC21/slim" xmlns:dcterms="http://purl.org/dc/terms/" xmlns:doc="http://www.lyncode.com/xoai" xmlns:xsi="http://www.w3.org/2001/XMLSchema-instance" xsi:schemaLocation="http://www.loc.gov/MARC21/slim http://www.loc.gov/standards/marcxml/schema/MARC21slim.xsd">
   <leader>00925njm 22002777a 4500</leader>
   <datafield ind2=" " ind1=" " tag="042">
      <subfield code="a">dc</subfield>
   </datafield>
   <datafield ind2=" " ind1=" " tag="720">
      <subfield code="a">Mora-Cabello, Romualdo</subfield>
      <subfield code="e">author</subfield>
   </datafield>
   <datafield ind2=" " ind1=" " tag="720">
      <subfield code="a">Fuentes-Ríos, David</subfield>
      <subfield code="e">author</subfield>
   </datafield>
   <datafield ind2=" " ind1=" " tag="720">
      <subfield code="a">Gago, Lidia</subfield>
      <subfield code="e">author</subfield>
   </datafield>
   <datafield ind2=" " ind1=" " tag="720">
      <subfield code="a">Cabeza, Laura</subfield>
      <subfield code="e">author</subfield>
   </datafield>
   <datafield ind2=" " ind1=" " tag="720">
      <subfield code="a">Moscoso, Ana</subfield>
      <subfield code="e">author</subfield>
   </datafield>
   <datafield ind2=" " ind1=" " tag="720">
      <subfield code="a">Melguizo, Consolación</subfield>
      <subfield code="e">author</subfield>
   </datafield>
   <datafield ind2=" " ind1=" " tag="720">
      <subfield code="a">Prados, José</subfield>
      <subfield code="e">author</subfield>
   </datafield>
   <datafield ind2=" " ind1=" " tag="720">
      <subfield code="a">Sarabia-García, Francisco Ramón</subfield>
      <subfield code="e">author</subfield>
   </datafield>
   <datafield ind2=" " ind1=" " tag="720">
      <subfield code="a">López-Romero, Juan Manuel</subfield>
      <subfield code="e">author</subfield>
   </datafield>
   <datafield ind2=" " ind1=" " tag="260">
      <subfield code="c">2024</subfield>
   </datafield>
   <datafield ind2=" " ind1=" " tag="520">
      <subfield code="a">Magnetic Fe3O4 nanoparticles (MNPs) are becoming more im-&#xd;
portant every day. We prepared MNPs in a simple one-step reaction by following the solvothermal&#xd;
method, assisted by azide and alkyne functionalized polyethylene glycol (PEG400) polymers, as&#xd;
well as by PEG6000 and the polyol β-cyclodextrin (βCD), which played a crucial role as electrostatic&#xd;
stabilizers, providing polymeric/polyol coatings around the magnetic cores. Methods: The composi-&#xd;
tion, morphology, and magnetic properties of the nanospheres were analyzed using Transmission&#xd;
Electron and Atomic Force Microscopies (TEM, AFM), Nuclear Magnetic Resonance (NMR), X-ray&#xd;
Diffraction Diffractometry (XRD), Fourier-Transform Infrared Spectroscopy (FT-IR), Matrix-Assisted&#xd;
Laser Desorption/Ionization (MALDI) and Vibrating Sample Magnetometry (VSM). Results: The&#xd;
obtained nanoparticles (@Fe3O4-PEGs and @Fe3O4-βCD) showed diameters between 90 and 250 nm,&#xd;
depending on the polymer used and the Fe3O4·6H2O precursor concentration, typically, 0.13 M at&#xd;
200 ◦C and 24 h of reaction. MNPs exhibited superparamagnetism with high saturation mass&#xd;
magnetization at room temperature, reaching values of 59.9 emu/g (@Fe3O4-PEG6000), and no ferro-&#xd;
magnetism. Likewise, they showed temperature elevation after applying an alternating magnetic&#xd;
field (AMF), obtaining Specific Absorption Rate (SAR) values of up to 51.87 ±2.23 W/g for @Fe3O4-&#xd;
PEG6000. Additionally, the formed systems are susceptible to click chemistry, as was demonstrated&#xd;
in the case of the cannabidiol-propargyl derivative (CBD-Pro), which was synthesized and covalently&#xd;
attached to the azide functionalized surface of @Fe3O4-PEG400-N3. Prepared MNPs are highly&#xd;
dispersible in water, PBS, and citrate buffer, remaining in suspension for over 2 weeks, and non-toxic&#xd;
in the T84 human colon cancer cell line, Conclusions: indicating that they are ideal candidates for&#xd;
biomedical applications.</subfield>
   </datafield>
   <datafield ind1="8" ind2=" " tag="024">
      <subfield code="a">Mora-Cabello, R.; Fuentes-Ríos, D.; Gago, L.; Cabeza, L.; Moscoso, A.; Melguizo, C.; Prados, J.; Sarabia, F.; López-Romero, J.M. Magnetic Nanoparticles with On-Site Azide and Alkyne Functionalized Polymer Coating in a Single Step through a Solvothermal Process. Pharmaceutics 2024, 16, 1226. https://doi.org/10.3390/pharmaceutics16091226</subfield>
   </datafield>
   <datafield ind1="8" ind2=" " tag="024">
      <subfield code="a">https://hdl.handle.net/10630/40460</subfield>
   </datafield>
   <datafield ind1="8" ind2=" " tag="024">
      <subfield code="a">10.3390/pharmaceutics16091226</subfield>
   </datafield>
   <datafield tag="653" ind2=" " ind1=" ">
      <subfield code="a">Nanopartículas</subfield>
   </datafield>
   <datafield tag="653" ind2=" " ind1=" ">
      <subfield code="a">Polímeros</subfield>
   </datafield>
   <datafield tag="653" ind2=" " ind1=" ">
      <subfield code="a">Oxidos de hierro</subfield>
   </datafield>
   <datafield ind2="0" ind1="0" tag="245">
      <subfield code="a">Magnetic Nanoparticles with On-Site Azide and Alkyne Functionalized Polymer Coating in a Single Step through a Solvothermal Process</subfield>
   </datafield>
</record>
</metadata></record></GetRecord></OAI-PMH>